Handbook of Financial Econometrics

Guardat en:
Dades bibliogràfiques
Autor principal: Various
Format: Llibre
Publicat: Springer
Matèries:
Etiquetes: Afegir etiqueta
Sense etiquetes, Sigues el primer a etiquetar aquest registre!

MARC

LEADER 00000nam a2200000Ia 4500
005 20260427112726.0
526 |b FinTech 
100 |a Various 
020 |a 9781492053354 
650 |a Finance 
526 |a Masters 
942 |c BK 
245 |a Handbook of Financial Econometrics 
260 |b Springer 
999 |c 119  |d 119 
952 |0 0  |1 0  |4 0  |7 0  |8 3  |a BRISTOL  |b BRISTOL  |d 2026-04-22  |l 0  |p 000113  |r 2026-04-27 11:27:27  |w 2026-04-27  |y BK